MARC

LEADER 00000nam0a2200000 4500
001 43427
005 20231101210820.0
010 |a 5256000640 
035 |a (RuTPU)RU\TPU\book\44909 
090 |a 43427 
100 |a 20021009d1988 km y0rusy50 ca 
101 0 |a rus 
102 |a RU 
105 |a a z 001zy 
200 1 |a Электромагнитные волны  |f Л. А. Вайнштейн 
205 |a 2-е изд., перераб. и доп. 
210 |a Москва  |c Радио и связь  |d 1988 
215 |a 440 с.  |c ил. 
320 |a Библиогр.: с. 435-438 
606 1 |a Электромагнитные волны  |2 stltpush  |3 (RuTPU)RU\TPU\subj\20168  |9 45289 
610 1 |a физика 
610 1 |a скин-эффект 
610 1 |a волноводы 
610 1 |a объемные резонаторы 
610 1 |a свободные колебания 
610 1 |a вынужденные колебания 
610 1 |a дифракция 
675 |a 537.86  |v 3 
700 1 |a Вайнштейн  |b Л. А.  |g Лев Альбертович 
801 1 |a RU  |b 63413507  |c 20021009  |g PSBO 
801 2 |a RU  |b 63413507  |c 20170720  |g PSBO 
942 |c BK